A botanical excursion to Gunung Jerai (Kedah Peak) (Record no. 26306)

MARC details
000 -LEADER
fixed length control field 00686nam a2200229 i 4500
001 - CONTROL NUMBER
control field C2-0107241
003 - CONTROL NUMBER IDENTIFIER
control field PPAK
005 - DATE AND TIME OF LATEST TRANSACTION
control field 20180727102200.0
008 - FIXED-LENGTH DATA ELEMENTS--GENERAL INFORMATION
fixed length control field 970617s xx |||| ||||| | eng d
040 ## - CATALOGING SOURCE
Original cataloging agency PPAK
Language of cataloging eng
Transcribing agency PPAK
Description conventions rda
082 04 - DEWEY DECIMAL CLASSIFICATION NUMBER
Classification number 959.5112
Edition number 23
090 00 - LOCALLY ASSIGNED LC-TYPE CALL NUMBER (OCLC); LOCAL CALL NUMBER (RLIN)
Classification number (OCLC) (R) ; Classification number, CALL (RLIN) (NR) 959.5112
Feature heading RID
Feature heading KK
100 1# - MAIN ENTRY--PERSONAL NAME
Personal name Ridley, H.N.,
Relator term author
245 12 - TITLE STATEMENT
Title A botanical excursion to Gunung Jerai (Kedah Peak)
264 #1 - PRODUCTION, PUBLICATION, DISTRIBUTION, MANUFACTURE, AND COPYRIGHT NOTICE
Place of production, publication, distribution, manufacture [place of publication not identified] :
Name of producer, publisher, distributor, manufacturer MBRAS ,
Date of production, publication, distribution, manufacture, or copyright notice [date of publication not identified]
300 ## - PHYSICAL DESCRIPTION
Extent 23-30 pages ;
Dimensions 30 cm
336 ## - CONTENT TYPE
Source rdacontent
Content type term text
337 ## - MEDIA TYPE
Source rdamedia
Media type term unmediated
338 ## - CARRIER TYPE
Source rdacarrier
Carrier type term volume
650 10 - SUBJECT ADDED ENTRY--TOPICAL TERM
Topical term or geographic name entry element Kedah - History.
942 ## - ADDED ENTRY ELEMENTS (KOHA)
-- dc
Koha item type Book
Holdings
Withdrawn Not for loan Current library Shelving location Date acquired Full call number Barcode Date last seen Koha item type Public note
  Not For Loan Perpustakaan Alor Setar Koleksi Kedah 16/08/1998 KK 959.5112 RID A00152502 08/05/2018 Monograf Artikel Pilihan
  Not For Loan Perpustakaan Alor Setar Koleksi Kedah 18/08/1998 KK 959.5112 RID A00152409 08/05/2018 Monograf Artikel Pilihan